<?xml version="1.0" encoding="UTF-8"?>
<record
    xmlns:xsi="http://www.w3.org/2001/XMLSchema-instance"
    xsi:schemaLocation="http://www.loc.gov/MARC21/slim http://www.loc.gov/standards/marcxml/schema/MARC21slim.xsd"
    xmlns="http://www.loc.gov/MARC21/slim">

  <leader>00675nam a22001457a 4500</leader>
  <controlfield tag="003">OSt</controlfield>
  <controlfield tag="005">20160922153723.0</controlfield>
  <controlfield tag="008">160922b        xxu||||| |||| 00| 0 eng d</controlfield>
  <datafield tag="040" ind1=" " ind2=" ">
    <subfield code="c">RUA</subfield>
  </datafield>
  <datafield tag="082" ind1=" " ind2=" ">
    <subfield code="a">MGR NEA 2004 B388 Or.</subfield>
  </datafield>
  <datafield tag="100" ind1=" " ind2=" ">
    <subfield code="9">10637</subfield>
    <subfield code="a">NEANG SOKHORN; &#x1793;&#x17B6;&#x1784; &#x179F;&#x17BB;&#x1783;&#x1793;</subfield>
  </datafield>
  <datafield tag="245" ind1=" " ind2=" ">
    <subfield code="a">Effect of fermented rice bran on growth rate of chicken and faecal indigenous microflora; &#x17A5;&#x1791;&#x17D2;&#x1792;&#x17B7;&#x1796;&#x179B;&#x179B;&#x17D2;&#x1794;&#x17BE;&#x1784;&#x1780;&#x1793;&#x17D2;&#x1791;&#x1780;&#x17CB; &#x179B;&#x17BE;&#x1780;&#x17B6;&#x179A;&#x179B;&#x17BC;&#x178F;&#x179B;&#x17B6;&#x179F;&#x17CB;&#x179A;&#x1794;&#x179F;&#x17CB;&#x1798;&#x17B6;&#x1793;&#x17CB;&#x179F;&#x17B6;&#x1785;&#x17CB; &#x1793;&#x17B7;&#x1784;&#x179C;&#x178F;&#x17D2;&#x178F;&#x1798;&#x17B6;&#x1793; &#x1798;&#x17B8;&#x1780;&#x17D2;&#x179A;&#x17BC;&#x179F;&#x17B6;&#x179A;&#x1796;&#x17B6;&#x1784;&#x17D2;&#x1782;&#x1780;&#x17B6;&#x1799;&#x1780;&#x17D2;&#x1793;&#x17BB;&#x1784;&#x179B;&#x17B6;&#x1798;&#x1780;</subfield>
  </datafield>
  <datafield tag="300" ind1=" " ind2=" ">
    <subfield code="a">61p.</subfield>
    <subfield code="b">ill.</subfield>
    <subfield code="c">29cm.</subfield>
  </datafield>
  <datafield tag="942" ind1=" " ind2=" ">
    <subfield code="2">ddc</subfield>
    <subfield code="c">NRM</subfield>
  </datafield>
  <datafield tag="999" ind1=" " ind2=" ">
    <subfield code="c">10230</subfield>
    <subfield code="d">10230</subfield>
  </datafield>
</record>
